000
00410nam a2200157Ia 4500
008
220531s9999 xx 000 0 und d
041
_a
mar
100
_a
लिमय हरिभाऊ
_9
34998
245
_a
वास्तुप्रकाश
260
_b
Limaye
_c
1995
300
_a
88
542
_d
11-07-1997
650
_a
Genral
_9
34999
906
_d
1997-1998
_f
5044
999
_c
21513
_d
21513